00669 2200229 4500001002100000005001500021035002000036245009500056100003300151250000600184300003500190700001200225260003700237082001000274084001600284020002300300650004800323990001700371990001700388990001700405990001700422INLIS00000000000079320190302111239 a0010-03190000061 aPencegahan dan Penanganan Kebakaran Hutan /cKusnoto Alvin Majid, S.HI.MH; Editor, Mustain0 aKusnoto Alvin Majid, S.HI.MH a- aiv, 60 hlm. :bilus. ;c21 cm.0 aMustain aSemarang :bCV Aneka Ilmu,c2008 a628.9 a628.9 KUS p a978-979-048-143-53 aTeknik Penanggulangan dan Pemadam Kebakaran a02840/H/2018 a02841/H/2018 a02842/H/2018 a02889/H/2018